مكتبة جامعة عجلون الوطنية

فهرس بحث المكتبة

Normal view MARC view
  • التربية الخاصة-مهارات الاتصال-التعلم-المعوقون

Entry Topical Term

Number of records used in: 1

001 - CONTROL NUMBER

  • control field: 60647

003 - CONTROL NUMBER IDENTIFIER

  • control field: JO-AjAnu

005 - DATE AND TIME OF LATEST TRANSACTION

  • control field: 20230606083919.0

008 - FIXED-LENGTH DATA ELEMENTS

  • fixed length control field: 230606|| aca||aabn | a|a d

040 ## - CATALOGING SOURCE

  • Original cataloging agency: JO-AjAnu
  • Transcribing agency: JO-AjAnu

150 ## - HEADING--TOPICAL TERM

  • Topical term or geographic name entry element: التربية الخاصة-مهارات الاتصال-التعلم-المعوقون

670 ## - SOURCE DATA FOUND

  • Source citation: Work cat.: (JO-AjAnu)30927: الزريقات، ابراهيم عبدالله, author 60646, مهارات الحياة للاشخاص ذوي الاعاقة: الاعتبارات الاساسية واجراءات التدخل=LIFE SKILLS FOR PERSONS WITH DISABILITY